<?xml version="1.0" encoding="UTF-8"?>
<marc:record xmlns:marc="http://www.loc.gov/MARC21/slim">
   <marc:leader>00000nam a2200000 a 4500</marc:leader>
   <marc:datafield ind1="1" ind2=" " tag="100">
      <marc:subfield code="a">Brandis, Katja</marc:subfield>
      <marc:subfield code="4">aut</marc:subfield>
      <marc:subfield code="e">Verfasser/-in</marc:subfield>
   </marc:datafield>
   <marc:datafield ind1=" " ind2=" " tag="653">
      <marc:subfield code="a">Meer</marc:subfield>
   </marc:datafield>
   <marc:datafield ind1=" " ind2=" " tag="653">
      <marc:subfield code="a">Hörbuch</marc:subfield>
   </marc:datafield>
   <marc:datafield ind1=" " ind2=" " tag="653">
      <marc:subfield code="a">CD</marc:subfield>
   </marc:datafield>
   <marc:datafield ind1=" " ind2=" " tag="653">
      <marc:subfield code="a">Meerestiere</marc:subfield>
   </marc:datafield>
   <marc:datafield ind1=" " ind2=" " tag="653">
      <marc:subfield code="a">Science Fiction</marc:subfield>
   </marc:datafield>
   <marc:datafield ind1="0" ind2="0" tag="245">
      <marc:subfield code="a">Ruf der Tiefe</marc:subfield>
   </marc:datafield>
   <marc:datafield ind1="0" ind2="0" tag="245">
      <marc:subfield code="b">All Age Sci-Fi Hörbuch</marc:subfield>
   </marc:datafield>
   <marc:datafield ind1=" " ind2="1" tag="264">
      <marc:subfield code="b">HörCompany</marc:subfield>
      <marc:subfield code="c">2011</marc:subfield>
   </marc:datafield>
   <marc:datafield ind1="1" ind2=" " tag="520">
      <marc:subfield code="a">Kurzbeschreibung Leon lebt am geheimnisvollsten Ort der Erde: in der Tiefsee. Er gehört zu einer Elite junger Flüssigkeitstaucher, die sich auch in 1000 Meter Tiefe frei bewegen können. Zusammen mit dem intelligenten Krakenweibchen Lucy durchstreift er den Ozean, auf der Suche nach Rohstoffen. Doch plötzlich scheint das Meer verrücktzuspielen: Am Grund breiten sich 'Todeszonen' aus, massenhaft ergreifen die Wesen der Tiefe die Flucht nach oben, an Land bricht Panik aus. Bei einem verbotenen Tauchgang machen Leon und Lucy eine fatale Entdeckung - und geraten in große Schwierigkeiten. Ein Science-Fiction-Hörbuch, das Wissen über die Ozeane vermittelt. *Amazon.de*</marc:subfield>
   </marc:datafield>
   <marc:datafield ind1="3" ind2=" " tag="024">
      <marc:subfield code="a">9783942587204</marc:subfield>
   </marc:datafield>
</marc:record>
